00972nam a2200217 a 450000100100000000500170001000800410002702000180006804000130008610000390009924502380013826000430037630000280041949000290044750400390047670000410051570000390055683000370059595201050063299900170073700004080420201002034406.0130906s2011 sp a 000 0 spa d a9788446011767 aDO-SdBNP1 aArnheim, Rudolfd1904-2007.96722413aEl poder del centro :bviersión definitiva, estudio sobre la composición en las artes visuales / Rudolf Arnheim ; versión española de Remigio Gómez Díaz. /cRudolf Arnheim ; versión española de Remigio Gómez Díaz. aMadrid :bAkal Arte Estética,c2011. a250 p. :bil. ;c23 cm.1 aAkal Arte Estéticav58 aIncluye bibliografía e índice.1 aGómez Díaz, Remigio,etr.9672021 aAlvaro Herrán-Biblioteca.967225 0aAkal Arte Estética,v58967226 001050718MOaGRbGRcCTd2013-09-06iLF1l0o p40804-10r2020-06-25w2020-06-25y1ZNo se presta c40294d40294